Tailoring genes for crop improvement: An agricultural perspective (Record no. 39678)

MARC details
000 -LEADER
fixed length control field 00378nam a2200133Ia 4500
082 ## - DEWEY DECIMAL CLASSIFICATION NUMBER
Classification number 575.113:631.52
Item number BRU
245 #0 - TITLE STATEMENT
Title Tailoring genes for crop improvement: An agricultural perspective
260 ## - PUBLICATION, DISTRIBUTION, ETC. (IMPRINT)
Place of publication New York
Name of publisher Plenum
Year of publication 1987
650 ## - SUBJECT ADDED ENTRY--TOPICAL TERM
Topical Term Crop improvement
650 ## - SUBJECT ADDED ENTRY--TOPICAL TERM
Topical Term Plant genes
700 ## - ADDED ENTRY--PERSONAL NAME
Personal name BRUENING, George
942 ## - ADDED ENTRY ELEMENTS (KOHA)
Koha item type Books
Holdings
Withdrawn status Lost status Damaged status Not for loan Home library Current library Date acquired Full call number Accession Number Koha item type
        RRII Library RRII Library 16/12/2021 575.113:631.52 BRU 20008 Books